00534nam a2200205Ia 4500003000400000005001700004008004100021020002200062040000700084041000800091082002300099100003000122245005300152250000600205260003700211300001500248365001300263650003900276650001300315OSt20230525091607.0210423s2015 xx 000 0 und d a978-81-316-0712-1 cAL aeng a791.437223b JAIF aJAIN (Jasbir);RAI (Sudha) aFilms and feminism: essays in Indian cinema Ed 2 a2 aJaipurbRawat Publicationsc2015 aix,347bHB b995cINR aMotion Pictures, Radio, Television aThe Arts